Central Library OPAC University of Rajshahi

Criminology / (Record no. 8540)

MARC details
000 -LEADER
fixed length control field 00811cam a2200265 a 4500
001 - CONTROL NUMBER
control field 8540
003 - CONTROL NUMBER IDENTIFIER
rucl marc code BD-RjUL
005 - DATE AND TIME OF LATEST TRANSACTION
control field 20211208234616.0
008 - FIXED-LENGTH DATA ELEMENTS--GENERAL INFORMATION
fixed length control field 140118s1983 maua b 001 0 eng
020 ## - INTERNATIONAL STANDARD BOOK NUMBER
International Standard Book Number 0201077655
035 ## - SYSTEM CONTROL NUMBER
System control number (BD-RjUL)8585
040 ## - CATALOGING SOURCE
Original cataloging agency DLC
Transcribing agency DLC
Modifying agency DLC
-- BD-RjUL
Language of cataloging eng
041 ## - LANGUAGE CODE
Language code of text/sound track or separate title eng
082 00 - DEWEY DECIMAL CLASSIFICATION NUMBER
Classification number 364.973
Edition number 19
Author mark and year SAC 1983
100 1# - MAIN ENTRY--PERSONAL NAME
Personal name Sanders, William B.,
Dates associated with a name 1944-
9 (RLIN) 26585
245 10 - TITLE STATEMENT
Title Criminology /
Statement of responsibility, etc. William B. Sanders.
260 ## - PUBLICATION, DISTRIBUTION, ETC. (IMPRINT)
Place of publication, distribution, etc. Reading, Mass. :
Name of publisher, distributor, etc. Addison-Wesley Pub.,
Date of publication, distribution, etc. c1983.
300 ## - PHYSICAL DESCRIPTION
Pagination xvii, 486 p. :
Illustrations ill. ;
Size 24 cm.
504 ## - BIBLIOGRAPHY, ETC. NOTE
Bibliography, etc Includes bibliographical references and index.
650 #0 - SUBJECT ADDED ENTRY--TOPICAL TERM
Topical term or geographic name as entry element Crime
Geographic subdivision United States.
9 (RLIN) 16241
Topical term or geographic name as entry element Criminal justice, Administration of
Geographic subdivision United States.
9 (RLIN) 26586
942 ## - ADDED ENTRY ELEMENTS (KOHA)
Source of classification or shelving scheme Dewey Decimal Classification
Koha item type Books
Holdings
Lost status Source of classification or shelving scheme Damaged status Not for loan Collection code Permanent Location Current Location Date acquired Source of acquisition Cost, normal purchase price Total Checkouts Full call number Date last seen Copy number Koha item type Shelving location Date checked out
  Dewey Decimal Classification     Non-fiction Central Library, University of Rajshahi Central Library, University of Rajshahi 20/01/1986 Toppan & co. 22.95   364.973 SAC 1983 18/01/2014 C-3 Books    
  Dewey Decimal Classification   Not For Loan Non-fiction Central Library, University of Rajshahi Central Library, University of Rajshahi 20/01/1986 Topper Tulip 22.95   364.973 SAC 1983 28/12/2016 C-1 Books Reading Room  
  Dewey Decimal Classification     Non-fiction Central Library, University of Rajshahi Central Library, University of Rajshahi 20/01/1986 Toppan & co. 22.95 1 364.973 SAC 1983 22/05/2025 C-2 Books   07/05/2025
  Dewey Decimal Classification     Non-fiction Central Library, University of Rajshahi Central Library, University of Rajshahi 20/01/1986 Toppan & co. 22.95   364.973 SAC 1983 02/10/2019 C-4 Books